| 000 | 00648nam a22001817a 4500 | ||
|---|---|---|---|
| 005 | 20240603172604.0 | ||
| 010 | _aHIN-127318 | ||
| 020 |
_a9789356280199 _c150.00 |
||
| 035 | _aHN-99664 | ||
| 037 | _bDBAD | ||
| 082 | _a821 | ||
| 100 |
_aझा, सीमा रानी _967258 |
||
| 245 |
_aमृदुल एहसास/ _cसीमा रानी झा |
||
| 260 |
_aदिल्ली _bBluerose Publishers _c2024 |
||
| 270 |
_bदिल्ली _k918882898898 _k4407342408967 _minfo@bluerosepublishers.com |
||
| 300 |
_a87पृ. _c20सेमी (अजिल्द) |
||
| 942 |
_2ddc _cHN _h821 _mझासीमा |
||
| 999 |
_c202087 _d202087 |
||